По Кремлю: краткий путеводитель

Bibliografische gegevens
Taal:Russisch
Gepubliceerd in: Москва, Московский рабочий, 1964
Editie:3-е изд., доп.
Onderwerpen:
Formaat: Boek
KOHA link:https://koha.lib.tpu.ru/cgi-bin/koha/opac-detail.pl?biblionumber=376490

MARC

LEADER 00000nam0a2200000 4500
001 376490
005 20231101052005.0
035 |a (RuTPU)RU\TPU\retro\33930 
035 |a RU\TPU\book\228404 
090 |a 376490 
100 |a 20221222d1964 m y0rusy50 ca 
101 0 |a rus 
102 |a RU 
105 |a a z 000zy 
200 1 |a По Кремлю  |e краткий путеводитель 
205 |a 3-е изд., доп. 
210 |a Москва  |c Московский рабочий  |d 1964 
215 |a 304 с.  |c ил. 
610 1 |a Кремль 
610 1 |a стены 
610 1 |a башни 
610 1 |a исторические памятники 
610 1 |a Оружейная палата 
675 |a 7с1  |v 3 
675 |a 7(074)  |v 3 
801 1 |a RU  |b 63413507  |c 20120209 
801 2 |a RU  |b 63413507  |c 20221222  |g RCR 
942 |c BK